| 000 | 00880cam a22003015i 4500 | ||
|---|---|---|---|
| 999 |
_c17441 _d17413 |
||
| 001 | 15798866 | ||
| 003 | EG-ScBUE | ||
| 005 | 20200204101607.0 | ||
| 008 | 960130t19601960enk g 000 ddeng d | ||
| 020 | _a0573022364 | ||
| 020 | _a9780573022364 | ||
| 040 |
_aEG-ScBUE _beng _erda _cEG-ScBUE _dEG-ScBUE |
||
| 082 | 0 | 4 |
_a822.914 _bPIN _222 |
| 100 | 1 |
_aPinter, Harold, _d1930-2008, _eauthor. |
|
| 245 | 1 | 4 |
_aThe room : _ba play in one act / _cby Harold Pinter. |
| 264 | 1 |
_aLondon ; _aNew York : _bSamuel French, _c[1960] |
|
| 264 | 4 | _cc1960 | |
| 300 |
_a24 pages ; _c16 cm |
||
| 336 |
_atext _btxt _2rdacontent |
||
| 337 |
_aunmediated _bn _2rdamedia |
||
| 338 |
_avolume _bnc _2rdacarrier |
||
| 650 | 7 |
_aOne-act plays, English. _2BUEsh |
|
| 650 | 7 |
_aDrama. _2BUEsh |
|
| 650 | 7 |
_aEnglish Literature. _2BUEsh |
|
| 651 | _2BUEsh | ||
| 653 |
_bHHUUEENN _cApril2013 |
||
| 942 |
_2ddc _cBB |
||